U.S. States Without a Whole Foods - Statistics

General Stats
  • This quiz has been taken 51 times
  • The average score is 4 of 6
Answer Stats
State % Correct
Alaska
97%
North Dakota
74%
South Dakota
74%
Vermont
63%
Delaware
43%
West Virginia
37%
No matching quizzes found
Score Distribution
Percent of People with Each Score
Percentile by Number Answered
Your Score History
You have not taken this quiz